Riconosci le Bandiere sbagliate - Quiz n°14 - Statistics

Statistiche generali
  • Questo quiz è stato fatto 9 volte
  • Il punteggio medio è 22 su 30
Statistiche sulle risposte
Domanda Casella Select % Corretto
tutte le bandiere sbagliate No
100%
tutte le bandiere sbagliate No
100%
tutte le bandiere sbagliate No
100%
tutte le bandiere sbagliate No
100%
tutte le bandiere sbagliate No
88%
tutte le bandiere sbagliate No
88%
tutte le bandiere sbagliate No
88%
tutte le bandiere sbagliate
88%
tutte le bandiere sbagliate No
88%
tutte le bandiere sbagliate No
88%
tutte le bandiere sbagliate No
88%
tutte le bandiere sbagliate
88%
tutte le bandiere sbagliate No
88%
tutte le bandiere sbagliate No
88%
tutte le bandiere sbagliate No
88%
tutte le bandiere sbagliate No
88%
tutte le bandiere sbagliate No
75%
tutte le bandiere sbagliate No
75%
tutte le bandiere sbagliate No
75%
tutte le bandiere sbagliate
63%
tutte le bandiere sbagliate
63%
tutte le bandiere sbagliate
63%
tutte le bandiere sbagliate
63%
tutte le bandiere sbagliate
50%
tutte le bandiere sbagliate
50%
tutte le bandiere sbagliate
38%
tutte le bandiere sbagliate
38%
tutte le bandiere sbagliate
25%
tutte le bandiere sbagliate
25%
tutte le bandiere sbagliate
13%
Nessun quiz corrispondente trovato
Distribuzione punteggi
Percentuale di utenti per punteggio
Percentile per numero di risposta
I tuoi punteggi nel tempo
Non hai fatto questo quiz